| 000 | 00334nam a22001337a 4500 | ||
|---|---|---|---|
| 020 | _qPB. | ||
| 040 | _cFIZZA ISHAQ | ||
| 082 |
_a624.2 _bCHE |
||
| 100 |
_aF,W CHEN. _9108782 |
||
| 245 |
_aBRIDGE ENGINEERING CONSTRUCTION & MAINTENCE/ _cCHEN W.F. |
||
| 260 |
_aNEW YORL ; _bCRC PRESS, _c2003. |
||
| 300 | _a5261 P. ; | ||
| 942 |
_2ddc _cBK |
||
| 999 |
_c593181 _d593181 |
||